Statistics for NFL Logos Map Quiz

Click here to take the quiz!

General Stats

  • This quiz has been taken 2,207 times
    (2,064 since last reset)
  • The average score is 18 of 30

Answers on the Map

Answers color-coded by a green-red scale on the quiz's map according to % correct below.
 

Answer Stats

Answer% Correct
Chargers
Rams
81%
Seahawks
78%
Cardinals
77%
Raiders
73%
Packers
68%
Broncos
68%
49ers
68%
Bears
65%
Vikings
63%
Lions
62%
Texans
60%
Saints
59%
Titans
59%
Patriots
58%
Chiefs
58%
Giants
Jets
58%
Dolphins
56%
Jaguars
55%
Cowboys
55%
Bills
55%
Falcons
55%
Panthers
54%
Browns
53%
Bengals
52%
Colts
52%
Buccaneers
52%
Steelers
51%
Commanders
51%
Eagles
49%
Ravens
47%

Score Distribution

Percentile by Number Answered

Percent of People with Each Score

Your Score History

You have not taken this quiz since the last reset